El proceso de Ejecución / (Record no. 172485)

MARC details
000 -LEADER
campo de control de longitud fija 00680nam a2200217 i 4500
001 - NÚMERO DE CONTROL
campo de control 172485
003 - IDENTIFICADOR DE NÚMERO DE CONTROL
campo de control ES-MaACL
005 - FECHA Y HORA DE LA ÚLTIMA TRANSACCIÓN
campo de control 20250907063129.0
008 - DATOS DE LONGITUD FIJA--INFORMACIÓN GENERAL
campo de control de longitud fija 090710s1982 sp |||| | spa d
017 ## - NÚMERO DE COPYRIGHT O DE DEPÓSITO LEGAL
Número de copyright o de depósito legal B 33791-1982
020 ## - NÚMERO INTERNACIONAL ESTÁNDAR DEL LIBRO
Número Internacional Estándar del Libro 84-300-7736-7
080 ## - NÚMERO DE LA CLASIFICACIÓN DECIMAL UNIVERSAL
Número de la Clasificación Decimal Universal 347.952(460)
100 1# - ENTRADA PRINCIPAL--NOMBRE DE PERSONA
Nombre de persona Fernández López, Miguel Ángel
9 (RLIN) 49408
245 10 - MENCIÓN DEL TÍTULO
Título El proceso de Ejecución /
Mención de responsabilidad, etc. Miguel Ángel Fernández.
260 ## - PUBLICACIÓN, DISTRIBUCIÓN, ETC.
Lugar de publicación, distribución, etc. [S.l.] :
Nombre del editor, distribuidor, etc. M. A. Fernández,
Fecha de publicación, distribución, etc. 1982 (
Lugar de fabricación/manufactura Barcelona :
Fabricante Romargraf)
300 ## - DESCRIPCIÓN FÍSICA
Extensión 314 p. ;
Dimensiones 22 cm.
500 ## - NOTA GENERAL
Nota general Índices.
650 04 - PUNTO DE ACCESO ADICIONAL DE MATERIA--TÉRMINO DE MATERIA
Término de materia o nombre geográfico como elemento de entrada Procedimiento de ejecución-
Subdivisión geográfica España.
9 (RLIN) 16426
852 ## - LOCALIZACIÓN
Ubicación ES-MaACL
Número de control de estantería E-12800
itemnumber R.143560
Holdings
Estatus retirado Estado de pérdida Estado de daño No para préstamo Biblioteca de origen Biblioteca actual Ubicación en estantería Fecha de adquisición Fuente de adquisición Total de préstamos Signatura topográfica completa Código de barras Visto por última vez Precio de reemplazo Tipo de ítem Koha
        Biblioteca del Ateneo de Madrid Biblioteca del Ateneo de Madrid Depósito 2 10/07/2009     E-12800 1181011 23/02/2023 23/02/2023 Libro impreso